| 000 | 00555nam a2200145Ia 4500 | ||
|---|---|---|---|
| 008 | 200619s9999 xx 000 0 und d | ||
| 020 | _a0-582-24635-0 | ||
| 100 | _aAslett, Mary | ||
| 245 |
_cMary Aslett, Richard Gower.-- _aLongman Advanced GNVQ Test and Assessment Guide / _bHospitality and Catering |
||
| 260 |
_aHarlow, Essex, England : _bLongman Group Ltd. _c1995 |
||
| 300 | _av, 224 pages | ||
| 500 | _aIncludes index. | ||
| 650 | _aCaterers and catering -- Great Britain. | ||
| 650 | _aHospitality industry -- Study and teaching -- Great Britain. | ||
| 999 |
_c363759 _d363759 |
||